000 01249cab a2200481 4500
001 ABS53555
008 090401t1995 xxu||||| |||| 00| 0 eng d
035 _a(Sirsi) u5075
041 _aeng
245 _aEstates Times survey: M4 corridor
260 _c1995
350 _a0
490 _aEstates Times
_v22 September 1995, 9-45(35)
650 _aBATH
650 _aBRACKNELL
650 _aBRENTFORD
650 _aBRISTOL
650 _aCARDIFF
650 _aCHIPPENHAM
650 _aDISTRIBUTION MARKET
650 _aHAMMERSMITH
650 _aHEATHROW
650 _aHOUNSLOW
650 _aINDUSTRIAL MARKET
650 _aLEISURE MARKET
650 _aLLANELLI
650 _aM4 CORRIDOR
650 _aMAIDENHEAD
650 _aNEWBURY
650 _aPROPERTY-COMMERCIAL PROPERTY-OFFICE PROPERTY-OFFICE PROPERTY MARKET
650 _aREADING
650 _aPROPERTY-COMMERCIAL PROPERTY-RETAIL PROPERTY-RETAIL PROPERTY MARKET
650 _aRETAIL WAREHOUSING
650 _aSLOUGH
650 _aSWINDON
650 _aTHAMES VALLEY
650 _aWALES
650 _aWINDSOR
650 _aWOKINGHAM
690 _aPROPERTY-COMMERCIAL PROPERTY-COMMERCIAL PROPERTY MARKET
942 _n0
948 _c04/03/1997
999 _c3045
_d3045